000 00612nam a2200217Ia 4500
005 20250508164644.0
008 008 250505s9999 xx 000 0 eng d
020 _a978-1-4129-4791-6
037 _aTextual
040 _aFEDL
_beng
_cFEDL
041 _aeng
_2eng
084 _a001.42, HEN
_qFEDL
100 _aHenn Matt (et. al)
_9778751
245 0 _aShort introduction to social research
260 _aNew Delhi, India
_bVistaar Publications
_c2008
300 _ax,285p.
365 _aINR
_b420
650 _aResearch method
942 _cTEXL
_h001.42, HEN
999 _c1390387
_d1390387